| 000 | 01056namaa2200337 i 4500 | ||
|---|---|---|---|
| 999 |
_c200459397 _d77609 |
||
| 001 | 200459397 | ||
| 003 | TR-AnTOB | ||
| 005 | 20240227091807.0 | ||
| 007 | ta | ||
| 008 | 240226s2021 tu b 000 0 tur|d | ||
| 020 |
_a9786257528061 _q(paperback) |
||
| 035 | _a(TR-AnTOB)200459397 | ||
| 040 |
_aTR-AnTOB _beng _erda _cTR-AnTOB |
||
| 041 | 0 | _atur | |
| 050 | 4 |
_aKKX3800 _b.K5837 2021 |
|
| 090 |
_aKKX3800 _b.K5837 2021 |
||
| 100 | 1 |
_aKitapçıoğlu Yüksel, Tülay _eauthor _9145076 |
|
| 245 | 1 | 0 |
_aÖzgü suç / _cDr. Tülay Kitapçıoğlu Yüksel. |
| 250 | _a1. baskı. | ||
| 264 | 1 |
_aİstanbul : _bOn İki Levha Yayıncılık, _c2021. |
|
| 300 |
_axxiv, 452 pages ; _c24 cm |
||
| 336 |
_atext _btxt _2rdacontent |
||
| 337 |
_aunmediated _bn _2rdamedia |
||
| 338 |
_avolume _bnc _2rdacarrier |
||
| 490 | 0 |
_aİstanbul Ceza Hukuku ve Kriminoloji Arşivi ; _vyayın no: 45 |
|
| 500 | _a"Yayın no: 1805" title page verso. | ||
| 504 | _aBIB | ||
| 650 | 7 |
_aCeza hukuku _zTürkiye _2etuturkob _948989 |
|
| 942 |
_2lcc _cBK |
||